00536nam a2200169Ia 4500008004100000020001500041041001200056082001600068100001500084245003900099260002500138300000800163650001500171942000700186999001500193952015800208221030s9999 xx 000 0 und d a0304309508 aEnglish a105.23bYar aA. Yarwood 0aEngineering Drawingcby A. Yarwood bCasselaLondonc1982 a176 aMechanical cBK c8306d8306 pBE 6603g4.99l0o105.23 Yarr2024-06-13 00:00:00w2022-10-30yBK003Print4071aMIETLIBbMIETLIBcBL-Second, FL-1, CUP-1, SH-4, R-4d2003-04-0710HBE